Echte und ausgewählte Acten der ersten Martirer /

Hlavní autor: Ruinart, Thierry, 1657-1709
Další autoři: Wetstein, H., 1649-1726
Jazyk: Němčina
Vydáno: Wien : Druck und Verlag der Mechitaristen-Congregations-Buchhandlung, [1831-1832]
Témata:
Fyzický popis: 1 sv.
Language note: Tištěno švabachem
Knihy
Uloženo v:
LEADER 01607nam a22003492a 4500
001 001860784
003 CZ BrMZK
005 20230608135229.0
007 ta
008 230601q18311832au er|||||||||||ger d
040 |a BOA001  |b cze  |e aacr2 
041 1 |a ger  |h lat 
072 7 |a 27  |x Křesťanství. Křesťanská církev všeobecně. Eklesiologie  |2 Konspekt  |9 5 
080 |a 27-9"00"  |2 MRF 
080 |a 27-34  |2 MRF 
080 |a (048.8)  |2 MRF 
080 |a 27-7  |2 MRF 
100 1 |a Ruinart, Thierry,  |d 1657-1709  |7 mzk2009511403  |4 aut 
245 1 0 |a Echte und ausgewählte Acten der ersten Martirer /  |c nach den ältesten Ausgaben und Handschriften kritisch gesammelt und beleuchtet duch Theodorich Ruinart, Benedictiner-Ordens-Priester der Congregation des heil. Maurus ; mit einer allgemeinen polemischen Einleitung ; aus dem Lateinischen übersetzt nach der Amsterdamer Ausgabe des Heinrich Wettsrein vom Jahre 1713 
260 |a Wien :  |b Druck und Verlag der Mechitaristen-Congregations-Buchhandlung,  |c [1831-1832] 
300 |a 1 sv. 
505 0 0 |g Bd. 1.  |t Allgemeine Einleitung nebst drei Denkmälern des kirchlichen Alterthums.  |g 1831. 210 s. --  |g Bd. 2.  |t Acten.  |g 1832. 293 s. 
546 |a Tištěno švabachem 
650 0 7 |a křesťanští mučedníci  |7 ph115080  |2 czenas 
650 0 7 |a prvotní církev  |7 ph139152  |2 czenas 
655 7 |a monografie  |7 fd132842  |2 czenas 
700 1 |a Wetstein, H.,  |d 1649-1726  |7 jo2006325101  |4 oth 
910 |a BOA001  |b 1-0216.856 
990 |a BK 
993 |a Y 
991 |b 202305 
996 6 |b BC-2414481  |c 1-0216.856  |l MZK  |r Sklad / do 1 hodiny  |n 0  |w 001927694  |u 000010  |a 1  |e BOA001  |j MZK50  |s P